Okresy Slovenska - náhlá smrt (extrémní verze) - Statistics

General Stats
  • This quiz has been taken 5 555 times
  • The average score is 16 of 79
Answers on the Grid
Answers color-coded by a green-red scale on the quiz's grid according to % correct below.
Banská Bystrica
Banská Štiavnica
Bardejov
Bánovce nad Bebravou
Brezno
Bratislava I
Bratislava II
Bratislava III
Bratislava IV
Bratislava V
Bytča
Čadca
Detva
Dolný Kubín
Dunajská Streda
Galanta
Gelnica
Hlohovec
Humenné
Ilava
Kežmarok
Komárno
Košice I
Košice II
Košice III
Košice IV
Košice-okolí (Košice-okolie)
Krupina
Kysucké Nové Mesto
Levice
Levoča
Liptovský Mikuláš
Lučenec
Malacky
Martin
Medzilaborce
Michalovce
Myjava
Námestovo
Nitra
Nové Mesto nad Váhom
Nové Zámky
Partizánske
Pezinok
Piešťany
Poltár
Poprad
Považská Bystrica
Prešov
Prievidza
Púchov
Revúca
Rimavská Sobota
Rožňava
Ružomberok
Sabinov
Senec
Senica
Skalica
Snina
Sobrance
Spišská Nová Ves
Stará Ľubovňa
Stropkov
Svidník
Šaľa
Topoľčany
Trebišov
Trenčín
Trnava
Turčianske Teplice
Tvrdošín
Veľký Krtíš
Vranov nad Topľou
Zlaté Moravce
Zvolen
Žarnovica
Žiar nad Hronom
Žilina
Čerín
Bzovská Lehôtka
Štiavnické Bane
Telgárt
Kriváň
Horné Mladonice
Fiľakovské Kováče
Kremnické Bane
Zlatno
Gemer
Gemerček
Balog nad Ipľom
Hronský Beňadik
Bernolákovo
Hamuliakovo
Jablonec
Plavecký Štvrtok
Nálepkovo
Moldava nad Bodvou
Olšovany
Medzev
Strážske
Veľké Kapušany
Bánovce nad Ondavou
Dobšiná
Záhor
Krompachy
Sečovce
Čierna nad Tisou
Kráľovský Chlmec
Kolárovo
Šahy
Tlmače
Vráble
Štúrovo
Šurany
Močenok
Nitrianska Streda
Červený Hrádok
Tarnov
Hrabovec nad Laborcom
Spišská Belá
Spišská Stará Ves
Spišské Podhradie
Svit
Vysoké Tatry
Veľký Šariš
Lipany
Zemplínske Hámre
Podolínec
Breznica
Giraltovce
Hanušovce nad Topľou
Dubnica nad Váhom
Nová Dubnica
Brezová pod Bradlom
Stará Turá
Bojnice
Handlová
Nováky
Beluša
Dohňany
Trenčianske Teplice
Nemšová
Veľký Meder
Šamorín
Gabčíkovo
Sládkovičovo
Sereď
Leopoldov
Šaštín-Stráže
Holíč
Gbely
Rajec
Turzovka
Nesluša
Liptovský Hrádok
Štiavnik
Vrútky
Turany
 
Answer Stats
Answer % Correct
Žilina
34%
Banská Bystrica
32%
Prešov
30%
Ružomberok
30%
Trenčín
30%
Trnava
30%
Poprad
29%
Bratislava I
28%
Čadca
28%
Nitra
28%
Zvolen
28%
Košice I
26%
Liptovský Mikuláš
26%
Martin
26%
Bratislava IV
25%
Dunajská Streda
25%
Košice II
25%
Košice III
25%
Bratislava II
24%
Skalica
24%
Bardejov
23%
Bratislava III
23%
Bratislava V
23%
Komárno
23%
Michalovce
23%
Nové Zámky
23%
Senica
23%
Dolný Kubín
22%
Humenné
22%
Košice IV
22%
Považská Bystrica
22%
Nové Mesto nad Váhom
21%
Piešťany
21%
Rimavská Sobota
21%
Galanta
20%
Kežmarok
20%
Košice-okolí (Košice-okolie)
20%
Levoča
20%
Prievidza
20%
Rožňava
20%
Spišská Nová Ves
20%
Topoľčany
20%
Žiar nad Hronom
20%
Banská Štiavnica
19%
Lučenec
19%
Púchov
19%
Vranov nad Topľou
19%
Zlaté Moravce
19%
Bytča
18%
Levice
18%
Myjava
18%
Trebišov
18%
Brezno
17%
Ilava
17%
Kysucké Nové Mesto
17%
Námestovo
17%
Pezinok
17%
Sabinov
17%
Veľký Krtíš
17%
Snina
16%
Bánovce nad Bebravou
15%
Hlohovec
15%
Malacky
15%
Šaľa
15%
Senec
15%
Stará Ľubovňa
15%
Svidník
15%
Detva
14%
Partizánske
14%
Poltár
13%
Revúca
13%
Sobrance
13%
Turčianske Teplice
13%
Gelnica
12%
Stropkov
12%
Tvrdošín
12%
Žarnovica
12%
Krupina
10%
Medzilaborce
10%
No matching quizzes found
Score Distribution
Percent of People with Each Score
Percentile by Number Answered
Your Score History
You have not taken this quiz